00696 a2200169 4500020001800000050002000018100003100038110004200069245012400111264005000235300003700285500004000322650003700362650003400399650004400433700004900477 a9780987012739 aHF2413 HAR 2011 aHartzenberg, Trudieauthor aTrade Law Centre for Southern Africa. aCape to Cairo : bmaking the Tripartite Free Trade Area work /cTrudi Hartzenberg; Trade Law Centre for Southern Africa aStellenbosch, South Africa : bTralac, c2011 avi, 278 pages : billustrations aIncludes bibliographical references a Free trade x Africa, Southern. aFree trade xAfrica, Eastern. aAfrica, Eastern xEconomic integration. aHartzenberg, Trudi... [and others].eauthor